| 000 | 01224nam a2200253Ia 4500 | ||
|---|---|---|---|
| 003 | GCL | ||
| 008 | 140319s9999 xx 000 0 ara d | ||
| 040 |
_aGCL / _cGCL |
||
| 082 | 0 | 4 |
_aق _b962 _bع ت |
| 100 | 1 | _aعبدالمنعم ابراهيم الدسوقى الجميعى | |
| 245 | 1 | 0 |
_aتاريخ مصر الحديث فى الجامعات الامريكية والمصرية : _bمنذ نشأتها وحتى عام 1984 دراسةتاريخية / _cعبدالمنعم ابراهيم الدسوقى الجميعى |
| 250 | _aالاولى | ||
| 260 |
_aالقاهرة : _bعبد المنعم ابراهيم الدسوقى الجميعى ، _c1985 |
||
| 300 |
_a271 ص ؛ _c24 سم |
||
| 650 | 0 | 4 | _aمصر - تاريخ - العصر الحديث - عصر محمد على ( 1805- 1849 م ) |
| 650 | 0 | 4 | _aمصر - تاريخ |
| 650 | 0 | 4 | _aمصر - الاحوال الثقافية |
| 650 | 0 | 4 | _aمصر - تاريخ - الثورات |
| 650 | 0 | 4 | _aجمال عبدالناصر - تاريخ |
| 650 | 0 | 4 | _aمصر - العلاقات الخارجية |
| 650 | 0 | 4 | _aمصر - تاريخ - العصر الحديث - عصر اسماعيل ( 1863-1879 م ) |
| 650 | 0 | 4 | _aمصر - احزاب سياسية |
| 942 |
_2ddc _cBK |
||
| 999 |
_c54391 _d54391 |
||